Những quy tắc trong tình yêu

Tên sách tiếng Anh: The rules of love; Giới thiệu 100 quy tắc được đúc rút từ những trải nghiệm của tác giả; giúp bạn hiểu rõ hơn về các mối quan hệ trong cuộc sống, nhất là trong tình yêu để bạn có thể tận hưởng những khoảnh khắc kỳ di...

Πλήρης περιγραφή

Αποθηκεύτηκε σε:
Λεπτομέρειες βιβλιογραφικής εγγραφής
Κύριος συγγραφέας: Templar, Richard
Άλλοι συγγραφείς: Thủy Nguyệt
Μορφή: Βιβλίο
Γλώσσα:Undetermined
Έκδοση: H. Lao động 2017
Θέματα:
Διαθέσιμο Online:http://lrc.tdmu.edu.vn/opac/search/detail.asp?aID=2&ID=33603
Ετικέτες: Προσθήκη ετικέτας
Δεν υπάρχουν, Καταχωρήστε ετικέτα πρώτοι!
Thư viện lưu trữ: Trung tâm Học liệu Trường Đại học Thủ Dầu Một
LEADER 01133nam a2200217Ia 4500
001 TDMU_33603
008 210410s9999 xx 000 0 und d
082 |a 025.04 
090 |b T202 
100 |a Templar, Richard 
245 0 |a Những quy tắc trong tình yêu 
245 0 |c Richard Templar; Thủy Nguyệt dịch 
260 |a H. 
260 |b Lao động 
260 |c 2017 
300 |a 330tr. 
520 |a Tên sách tiếng Anh: The rules of love; Giới thiệu 100 quy tắc được đúc rút từ những trải nghiệm của tác giả; giúp bạn hiểu rõ hơn về các mối quan hệ trong cuộc sống, nhất là trong tình yêu để bạn có thể tận hưởng những khoảnh khắc kỳ diệu cũng như vững vàng khi sóng gió xảy ra 
650 |a Tình yêu  |x Khía cạnh tâm lý; Quang hệ tương tác  |x Tình yêu 
700 |a Thủy Nguyệt 
856 |u http://lrc.tdmu.edu.vn/opac/search/detail.asp?aID=2&ID=33603 
980 |a Trung tâm Học liệu Trường Đại học Thủ Dầu Một